[Event "Tel Aviv-B"]
[Site "Tel Aviv"]
[Date "1992.??.??"]
[Round "9"]
[White "Lev, Ronen"]
[Black "Gruenfeld, Yehuda"]
[Result "1/2-1/2"]
[WhiteElo "2450"]
[BlackElo "2510"]

1.d4 Nf6 2.c4 e6 3.Nf3 b6 4.Nc3 Bb7 5.a3 Ne4 6.Nxe4 Bxe4 7.Bf4 d6 8.e3 a5
9.b3 Nd7 10.Bd3 Bxd3 11.Qxd3 Be7 12.e4 O-O 13.O-O Re8 14.Rad1 Qc8 15.Rfe1 Qb7
16.d5 Bf6 17.e5 Nxe5 18.Nxe5 dxe5 19.Bxe5 Bxe5 20.Rxe5 exd5 21.Rxd5 Qc6 22.h4 h6
23.c5 Qf6 24.h5 Re5 25.cxb6 cxb6 26.Rxe5 Qxe5 27.Qd6 Qxh5 28.Rd5 Qg6 29.Qxg6 fxg6
30.Rd6 b5 31.Rb6 b4 32.axb4 axb4 33.Rxb4 Ra1+ 34.Kh2 Rb1 35.f4 Kf7 36.Rb6 Rb2
37.Kg3 Rb1 38.Kf3 Rf1+ 39.Ke3 Rg1 40.Kf2 Rb1 41.g4 Rb2+ 42.Kf3 Rc2  1/2-1/2

[Event "Ticino op"]
[Site "Ticino"]
[Date "1992.??.??"]
[Round "5"]
[White "Huss, Andreas"]
[Black "Drei, Andrea"]
[Result "1-0"]
[WhiteElo "2370"]
[BlackElo "2280"]

1.d4 Nf6 2.Nf3 e6 3.c4 b6 4.Nc3 Bb7 5.a3 d5 6.Bg5 Be7 7.Bxf6 Bxf6 8.cxd5 exd5
9.e3 O-O 10.Be2 c5 11.O-O Na6 12.Rc1 cxd4 13.Nxd4 Nc5 14.Rc2 Rc8 15.Bg4 Ra8
16.Rd2 Qe7 17.b4 Ne4 18.Nf5 Qe5 19.Nxe4 dxe4 20.Nd6 Rab8 21.Qa4 a5 22.Rfd1 axb4
23.axb4 Ra8 24.Qb3 Bc6 25.b5 Be8 26.Rd5 Qe7 27.Qc4 Be5 28.Nxe4 Kh8 29.Bf3 f5
30.Nd6 Bf7 31.Rxe5  1-0

[Event "Voskresensk"]
[Site "Voskresensk"]
[Date "1992.??.??"]
[Round "?"]
[White "Anastasian, Ashot"]
[Black "Timoshenko, Georgy"]
[Result "1/2-1/2"]
[WhiteElo "2490"]
[BlackElo "2495"]

1.d4 Nf6 2.Nf3 e6 3.c4 b6 4.Nc3 Bb7 5.Bg5 h6 6.Bh4 Be7 7.e3 O-O 8.Be2 c5
9.dxc5 bxc5 10.O-O d6 11.Qc2 Nbd7 12.Rad1 Qb6 13.Rd2 Rfd8 14.Rfd1 a6 15.Bg3 Nf8
16.Ne1 Rd7 17.Bf3 Rad8 18.Bxb7 Qxb7 19.Nf3 Ng6 20.h3 Qc6 21.Rd3 d5 22.Qa4 Qxa4
23.Nxa4 dxc4 24.Rxd7 Rxd7 25.Rxd7 Nxd7 26.Nd2 Nge5 27.Bxe5 Nxe5 28.f4 Nd3
29.Nxc4 f5 30.Kf1 e5 31.Nxe5 Nxe5 32.fxe5 Kf7 33.Nb6 Ke6 34.Nc4 Bd8 35.Ke2 Bc7
36.Kf3 Bxe5 37.e4 h5 38.exf5+ Kxf5 39.b3 Bc7 40.g4+ hxg4+ 41.hxg4+ Ke6 42.Ke4 g6
43.Nb2 Be5 44.Nd3 Bd6 45.a4 a5 46.g5 Be7 47.Ne5 Bxg5 48.Nxg6 c4 49.bxc4 Kd6
50.Kd3 Kc5 51.Kc3 Bf6+ 52.Kb3 Bg7 53.Nf4 Be5 54.Ne6+ Kd6 55.Nd8 Bf6 56.Nb7+  1/2-1/2

[Event "Voskresensk"]
[Site "Voskresensk"]
[Date "1992.??.??"]
[Round "?"]
[White "Chernosvitov, Alexander"]
[Black "Timoshenko, Georgy"]
[Result "0-1"]
[WhiteElo "2405"]
[BlackElo "2495"]

1.d4 Nf6 2.c4 e6 3.Nf3 b6 4.Nc3 Bb7 5.a3 d5 6.Bg5 Be7 7.Qa4+ c6 8.Bxf6 Bxf6
9.cxd5 exd5 10.g3 O-O 11.Rd1 c5 12.Bg2 c4 13.O-O Na6 14.Rfe1 Nc7 15.e4 b5
16.Qa5 a6 17.e5 Be7 18.Nd2 Qd7 19.Nf1 Ne6 20.Ne2 f5 21.exf6 Rxf6 22.f4 Bd8
23.Qd2 Bb6 24.Ne3 Rff8 25.h3 Qd6 26.Kh1 Rae8 27.Ng4 a5 28.Ne5 Re7 29.Rf1 Rc8
30.Ng4 Nf8 31.f5 h5 32.f6 Rxe2 33.Qxe2 hxg4 34.f7+ Kh8 35.Qxg4 g6 36.Rde1 Kg7
37.h4 b4 38.axb4 axb4 39.h5 c3 40.bxc3 bxc3 41.Re8 Rc6 42.Kh2 c2 43.Qg5 Bxd4
44.hxg6 Bb2 45.Qxd5 Qxd5 46.Bxd5 Rf6  0-1

[Event "Wisla BES op"]
[Site "Wisla"]
[Date "1992.??.??"]
[Round "8"]
[White "Sapis, Witalis"]
[Black "Appolonov, Sergei"]
[Result "0-1"]
[WhiteElo "2420"]
[BlackElo "2305"]

1.d4 Nf6 2.Nf3 e6 3.c4 b6 4.Nc3 Bb7 5.Qc2 c5 6.dxc5 bxc5 7.Bf4 Be7 8.Rd1 Qa5
9.Qb3 Bxf3 10.gxf3 O-O 11.e3 Nc6 12.Be2 Nh5 13.Bd6 Bxd6 14.Rxd6 Rab8 15.Qc2 Nf6
16.O-O Qc7 17.Rd2 a6 18.Kh1 Rfd8 19.Rg1 g6 20.f4 d5 21.cxd5 exd5 22.Bf3 Nb4
23.Qd1 c4 24.Rg5 h6 25.Re5 Nd3 26.Nxd5 Nxd5 27.Rxd5 Rxd5 28.Bxd5 Rd8 29.Qf3 Qa5
30.Rxd3 cxd3 31.Bb3 d2 32.Kg2 Qb5 33.e4 Qxb3  0-1

[Event "Zalaegerszeg op"]
[Site "Zalaegerszeg"]
[Date "1992.??.??"]
[Round "?"]
[White "Sutorikhin, Vladimir"]
[Black "Petran, Pal"]
[Result "0-1"]
[WhiteElo "2400"]
[BlackElo "2485"]

1.d4 Nf6 2.Nf3 e6 3.c4 b6 4.Nc3 Bb7 5.a3 d5 6.cxd5 Nxd5 7.Qa4+ c6 8.Nxd5 exd5
9.g3 Be7 10.Bg2 O-O 11.O-O Nd7 12.Bf4 c5 13.Rad1 Nf6 14.Ne5 Qc8 15.Rfe1 Re8
16.Rc1 Qe6 17.b4 Rec8 18.Nd3 c4 19.Ne5 a6 20.f3 b5 21.Qc2 a5 22.Bd2 axb4
23.Bxb4 Bxb4 24.axb4 Ra4 25.Qc3 Rca8 26.Ra1 Qd6 27.Rxa4 Rxa4 28.Rb1 g6 29.Bh3 Kg7
30.Ng4 Nxg4 31.Bxg4 Qe7 32.Kf2 Bc6 33.Bh3 Bd7 34.Bxd7 Qxd7 35.Qe3 Qf5 36.Rb2 Qf6
37.h4 h5 38.Qc3 Qe6 39.Kg2 Ra1 40.Qd2 Ra3 41.Qg5 Rb3 42.Rxb3 Qxe2+ 43.Kh3 cxb3  0-1

[Event "Alushta3"]
[Site "Alushta"]
[Date "1993.??.??"]
[Round "?"]
[White "Kuzmin, Gennadi P"]
[Black "Sokolov, Andrei"]
[Result "1/2-1/2"]
[WhiteElo "2500"]
[BlackElo "2525"]

1.d4 Nf6 2.c4 e6 3.Nf3 b6 4.Nc3 Bb7 5.a3 d5 6.cxd5 Nxd5 7.Bd2 Nd7 8.Qc2 N5f6
9.e4 c5 10.d5 exd5 11.exd5 Bd6 12.O-O-O O-O 13.Bg5 Qb8 14.Bb5 a6 15.Bxd7 Nxd7
16.Rhe1 Re8 17.Rxe8+ Qxe8 18.Ne4 Bf8 19.Bf4 f6 20.Nd6 Bxd6 21.Bxd6 Qf7 22.Qd2 b5
23.Ne1 Nb6 24.Bxc5 Rc8 25.b4 Nxd5 26.Nc2 h6 27.f3 Re8 28.Re1 Rxe1+ 29.Nxe1 Qc7
30.Qe2 Qxh2 31.Qe6+ Kh7 32.Qe4+ Kh8 33.Qe8+ Kh7 34.Qe4+ Kh8 35.Qe8+ Kh7  1/2-1/2

[Event "Bagneux"]
[Site "Bagneux"]
[Date "1993.??.??"]
[Round "2"]
[White "Borne, Niels"]
[Black "De Sousa, Jose"]
[Result "1/2-1/2"]
[WhiteElo "2275"]
[BlackElo "2275"]

1.d4 Nf6 2.c4 e6 3.Nf3 b6 4.Nc3 Bb7 5.a3 d5 6.cxd5 Nxd5 7.Qc2 Nxc3 8.bxc3 Be7
9.e4 c5 10.Bb5+ Bc6 11.Bd3 Nd7 12.O-O Qc7 13.Re1 Bb7 14.d5 c4 15.Bf1 O-O
16.dxe6 fxe6 17.Nd4 Bc5 18.Bxc4 Kh8 19.Be3 Bxd4 20.cxd4 Bxe4 21.Qxe4 Qxc4
22.Bg5 Rae8 23.Rec1 Qb5 24.Rc7 Rc8 25.Qb7 Rxc7 26.Qxc7 Qxg5 27.Qxd7 Qf6 28.Rf1  1/2-1/2

[Event "Beersheba"]
[Site "Beersheba"]
[Date "1993.??.??"]
[Round "2"]
[White "Mikhalevski, Victor"]
[Black "Skembris, Spyridon"]
[Result "1/2-1/2"]
[WhiteElo "2380"]
[BlackElo "2545"]

1.d4 Nf6 2.c4 e6 3.Nf3 b6 4.Nc3 Bb4 5.Bg5 Bxc3+ 6.bxc3 Bb7 7.e3 O-O 8.Bd3 d6
9.Nd2 Nbd7 10.O-O h6 11.Bh4 Qe8 12.f4 d5 13.Qf3 dxc4 14.Qxb7 cxd3 15.Qc6 Nd5
16.Rae1 f5 17.Qc4 N7f6 18.Bxf6 Rxf6 19.Qxd3 Qa4 20.c4 Nb4 21.Qc3 a5 22.a3 Qc2
23.Qxc2 Nxc2 24.Rc1 Nxe3 25.Rfe1 Rd8 26.Rxe3 Rxd4 27.Nf3 Rxf4 28.c5 Re4 29.Rxe4 fxe4
30.Nd2 e3 31.Nc4 b5 32.Nxa5 Rf4 33.Nc6 e2 34.Re1 Rc4 35.Rxe2 Rxc5 36.Nd4 e5
37.Rc2 Rxc2 38.Nxc2 Kf7 39.Kf2 Ke6 40.Ke3 Kd5 41.Kd3 e4+ 42.Kc3 c5 43.Ne3+ Ke5
44.Nf1 g6 45.Ng3 b4+ 46.axb4 cxb4+ 47.Kc4 b3 48.Kxb3 Kd4 49.Kc2 Ke3 50.Kd1  1/2-1/2

[Event "Beersheba"]
[Site "Beersheba"]
[Date "1993.??.??"]
[Round "4"]
[White "Mikhalevski, Alexander"]
[Black "Chernin, Alexander"]
[Result "1/2-1/2"]
[WhiteElo "2440"]
[BlackElo "2615"]

1.d4 Nf6 2.c4 e6 3.Nf3 b6 4.Nc3 Bb4 5.Qc2 Bb7 6.a3 Bxc3+ 7.Qxc3 d6 8.g3 a5
9.b3 O-O 10.Bg2 Qe7 11.O-O c5 12.Bb2 Rc8 13.Rad1 d5 14.dxc5 bxc5 15.cxd5 Bxd5
16.Ne5 Bxg2 17.Kxg2 Nc6 18.Nxc6 Rxc6 19.Rd3 a4 20.Qc4 axb3  1/2-1/2

[Event "Beersheba"]
[Site "Beersheba"]
[Date "1993.??.??"]
[Round "10"]
[White "Mikhalevski, Alexander"]
[Black "Greenfeld, Alon"]
[Result "0-1"]
[WhiteElo "2440"]
[BlackElo "2590"]

1.d4 Nf6 2.c4 e6 3.Nf3 b6 4.Nc3 Bb4 5.Qc2 Bb7 6.a3 Bxc3+ 7.Qxc3 O-O 8.b3 d6
9.g3 c5 10.Bg2 cxd4 11.Qxd4 Nc6 12.Qb2 Ne5 13.O-O Nxf3+ 14.exf3 Qc7 15.Rd1 Nd7
16.Qd2 Nc5 17.Bb2 e5 18.Qe3 f5 19.b4 f4 20.gxf4 exf4 21.Qe2 Rae8 22.Qc2 Nd7
23.Qb3 Kh8 24.Re1 Ne5 25.c5 bxc5 26.bxc5 dxc5 27.Rac1 Ng6 28.Rxe8 Rxe8 29.Qb5 Qf7
30.Qxc5 Nh4 31.Qxa7 Qg6  0-1

[Event "Beijing op"]
[Site "Beijing"]
[Date "1993.??.??"]
[Round "4"]
[White "Liu Wenzhe"]
[Black "Lin Weiguo"]
[Result "1-0"]
[WhiteElo "2390"]
[BlackElo "2540"]

1.Nf3 Nf6 2.c4 b6 3.d4 e6 4.Nc3 Bb7 5.a3 d5 6.e3 Be7 7.cxd5 exd5 8.Bd3 O-O
9.O-O Nbd7 10.Bd2 Re8 11.Rc1 a6 12.Qc2 Bd6 13.g3 Ne4 14.Nh4 Qf6 15.Nxe4 dxe4
16.Be2 Qg5 17.Bb4 c5 18.dxc5 Bxc5 19.Bxc5 Nxc5 20.b4 Nd3 21.Bxd3 exd3 22.Qxd3 g6
23.Qd7 Re7 24.Qd4 Rae8 25.Rfd1 Qb5 26.a4 Qxa4 27.Qxb6 Rd7 28.Rxd7 Qxd7 29.Qd4 Qe7
30.Rd1 Qe6 31.Rc1 Qe7 32.Rd1 Qe6 33.Rc1 h6 34.Ng2 g5 35.Ne1 Re7 36.Qd8+ Kg7
37.Qd4+ f6 38.Qc4 Bd5 39.Qd4 Rd7 40.Qc3 h5 41.Rd1 g4 42.Rd4 Bb7 43.Nd3 Rxd4
44.Qxd4 Qf5 45.Kf1 Bc6 46.Ke1 Bb5 47.e4 Qf3 48.Nf4 h4 49.e5 f5 50.e6+ Kh7
51.Qe5 Qh1+ 52.Kd2 Qb1 53.Qc7+ Kh6 54.Qc3 Kh7 55.Qc5 Qb2+ 56.Ke3 Qb3+ 57.Kd4 Qb2+
58.Kd5 Qg7 59.Kd6 Qf6 60.Kc7 hxg3 61.hxg3 Kh6 62.e7 Qf7 63.Qd6+ Kg7 64.Qe6  1-0

[Event "Benasque op"]
[Site "Benasque"]
[Date "1993.??.??"]
[Round "4"]
[White "Mikhalevski, Victor"]
[Black "Kurajica, Bojan"]
[Result "1/2-1/2"]
[WhiteElo "2380"]
[BlackElo "2550"]

1.d4 Nf6 2.c4 e6 3.Nf3 b6 4.Nc3 Bb4 5.Bg5 Bxc3+ 6.bxc3 Bb7 7.e3 d6 8.Nd2 Nbd7
9.f3 c5 10.Bd3 Qc7 11.O-O h6 12.Bh4 O-O 13.e4 cxd4 14.cxd4 e5 15.Nb3 Nh5
16.Re1 Nf4 17.Bf1 a5 18.a4 Ne6 19.Qd2 Ba6 20.Red1 Rfc8 21.Rab1 Ra7 22.Bf2 Rd8
23.Be3 Raa8 24.Qf2 Rab8 25.c5 Bxf1 26.cxd6 Qxd6 27.Qxf1 Qa3 28.Qb5 exd4 29.Ra1 Qb2
30.Nxd4 Qxb5 31.Nxb5 Ndc5 32.Nc3 Rxd1+ 33.Rxd1 Kf8 34.Rb1 f6 35.Kf1 Kf7 36.Ke2 g5
37.g3 Nd7 38.Nd5 Rc8 39.Nxb6 Nxb6 40.Rxb6 Rc4 41.Rb7+ Kf8 42.Ra7 Rxa4 43.Bb6 g4
44.Rxa5 Rxa5 45.Bxa5 Nd4+ 46.Ke3 Nxf3  1/2-1/2

[Event "Benidorm op"]
[Site "Benidorm"]
[Date "1993.??.??"]
[Round "3"]
[White "Garcia Trobat, Francisco"]
[Black "Veingold, Aleksandr"]
[Result "1-0"]
[WhiteElo "2300"]
[BlackElo "2475"]

1.d4 Nf6 2.c4 e6 3.Nf3 b6 4.Nc3 Bb7 5.a3 d5 6.cxd5 Nxd5 7.Qa4+ Qd7 8.Qc2 Nxc3
9.Qxc3 Bd6 10.g3 O-O 11.Bg2 Qb5 12.Qc2 Qf5 13.Qxf5 exf5 14.Bf4 Nd7 15.Bxd6 cxd6
16.Nh4 Bxg2 17.Nxg2 Rfc8 18.Ne3 g6 19.Kd2 Nf6 20.Rhc1 d5 21.f3 Kf8 22.a4 Ke7
23.a5 Rxc1 24.Rxc1 Kd6 25.Ra1 Rd8 26.axb6 axb6 27.Nc2 Ne8 28.Nb4 Nc7 29.Rc1 b5
30.Rc6+ Kd7 31.Rb6 Ra8 32.Nd3 Ke7 33.Ne5 f6 34.Nc6+ Kd7 35.Nb4 Ra4 36.Kc3 Ra1
37.Rxf6 Ke7 38.Rc6 Kd7 39.Rf6 Ke7 40.Rc6 Kd7 41.Rb6 Rc1+ 42.Kd2 Rh1 43.h4 Rh3
44.Na6 Nxa6 45.Rxa6 Rxg3 46.Ra7+ Ke6 47.Rxh7 Rh3 48.Ke3 b4 49.Rb7 Rxh4 50.Rb6+ Kf7
51.Rxb4 g5 52.Rb5 Ke6 53.Rb6+ Ke7 54.Rg6 g4 55.fxg4 fxg4 56.b4 Kf7 57.Rg5 Kf6
58.Rxd5 g3 59.Rd6+ Kf7 60.Rd7+ Kf6 61.Rd6+ Kf7 62.Kf3 Rg4 63.Kg2 Re4 64.Kxg3 Rxe2
65.Kf4 Ke7 66.Rd5 Rb2 67.b5 Rb3 68.Ke4 Ke6 69.Rh5 Kd7 70.Rh7+ Kd8 71.Rh5 Kd7
72.Rg5 Kc7 73.Rd5 Rh3 74.Rc5+ Kb6 75.Kd5 Rh1 76.Rc8 Rd1 77.Rb8+ Kc7 78.Rg8 Kb6
79.Rc8 Rd2 80.Re8 Rd1 81.Rh8 Rd2 82.Rh1 Rb2 83.Kd6 Rxb5 84.d5 Kb7 85.Rc1 Ra5
86.Ke6 Rb5 87.Rh1 Kb6 88.Rh2 Rb1 89.Kd6 Rb5 90.Rh3 Kb7 91.Rh7+ Kb6 92.Ke6 Rb1
93.d6 Re1+ 94.Kd7 Rg1 95.Ke8 Re1+ 96.Kd8 Rg1 97.Rh8 Kb7 98.d7 Re1 99.Rh2 Kb8
100.Rb2+ Ka7 101.Rb5 Ka6 102.Rb4  1-0

[Event "Benidorm op"]
[Site "Benidorm"]
[Date "1993.??.??"]
[Round "4"]
[White "Cifuentes Parada, Roberto"]
[Black "Pogorelov, Ruslan"]
[Result "0-1"]
[WhiteElo "2480"]
[BlackElo "2400"]

1.d4 Nf6 2.Nf3 e6 3.c4 b6 4.Nc3 Bb4 5.Bg5 Bb7 6.Qc2 h6 7.Bh4 g5 8.Bg3 Ne4
9.Be5 Bxc3+ 10.bxc3 f6 11.Nd2 fxe5 12.Nxe4 exd4 13.cxd4 Qe7 14.Nc3 Nc6 15.Qg6+ Qf7
16.Qxf7+ Kxf7 17.e3 Ke7 18.Be2 Na5 19.O-O Ba6 20.Nb5 c6 21.Nc7 Bxc4 22.Bxc4 Nxc4
23.Nxa8 Rxa8 24.e4 d5 25.exd5 cxd5 26.Rac1 Rf8 27.Rc3 Kd6 28.g3 b5 29.Rb1 Rb8
30.a3 a5 31.Rcb3 b4 32.axb4 Nd2 33.b5 a4 34.R3b2 Nxb1 35.Rxb1 Kc7 36.Re1 a3
37.Rxe6 Ra8 38.Re1 a2 39.Ra1 Kb6 40.f4 gxf4 41.gxf4 Kxb5  0-1

[Event "Biel op"]
[Site "Biel"]
[Date "1993.??.??"]
[Round "5"]
[White "Vucic, Mladen"]
[Black "Rhodin, Christian"]
[Result "1-0"]
[WhiteElo "2425"]
[BlackElo "2255"]

1.d4 Nf6 2.Nf3 e6 3.c4 b6 4.Nc3 Bb4 5.Bg5 Bb7 6.e3 h6 7.Bh4 Bxc3+ 8.bxc3 d6
9.Bd3 Qe7 10.O-O Nbd7 11.Nd2 g5 12.Bg3 h5 13.f3 h4 14.Bf2 Nh5 15.Re1 O-O-O
16.e4 Nf4 17.Bf1 e5 18.a4 a5 19.Rb1 f6 20.c5 dxc5 21.d5 f5 22.Nc4 Nf6 23.d6 Rxd6
24.Nxd6+ Qxd6 25.Qxd6 cxd6 26.Rxb6 fxe4 27.Reb1  1-0

[Event "Biel op"]
[Site "Biel"]
[Date "1993.??.??"]
[Round "8"]
[White "Mikhalevski, Victor"]
[Black "Shvidler, Eliahu"]
[Result "1/2-1/2"]
[WhiteElo "2380"]
[BlackElo "2415"]

1.d4 Nf6 2.c4 e6 3.Nf3 b6 4.Nc3 Bb4 5.Bg5 h6 6.Bh4 Bxc3+ 7.bxc3 Bb7 8.e3 d6
9.Nd2 Nbd7 10.f3 Qe7 11.Qa4 O-O 12.Bd3 e5 13.e4 Qe8 14.O-O Nh5 15.Rfe1 Nf4
16.Bc2 Nb8 17.Qa3 Qe6 18.Bg3 Qf6 19.Nf1 exd4 20.Bxf4 d3 21.Bxd6 cxd6 22.Bxd3 Nd7
23.Ne3 Nc5 24.Bf1 Rfd8 25.Rad1 Bc6 26.Rd4 Rd7 27.Nf5 Rad8 28.Qc1 Ne6 29.Rxd6 Rxd6
30.Nxd6 Nd4 31.Nb5 Bxb5 32.cxb5 Rc8 33.Qd2 Ne6 34.e5 Qe7 35.Qe3 Qa3 36.c4 Qxa2
37.Qc3 Qa4 38.Qb2 a5 39.Ra1 Qb4 40.Qxb4 axb4 41.Rb1 Rc5 42.Rxb4 Rxe5 43.Ra4 Nc5
44.Ra8+ Kh7 45.f4 Re6 46.g3 g5 47.f5 Rf6 48.g4 h5 49.h3 hxg4 50.hxg4 Rd6
51.Rc8 Rd2 52.Rc6 Nd7 53.Bg2 Ne5 54.Rxb6 Nxg4 55.Bd5 Rd1+ 56.Kg2 Ne3+ 57.Kf3 Nxd5
58.cxd5 Rxd5 59.Kg4 Kg7 60.Kxg5 f6+ 61.Kf4 Rd4+ 62.Ke3 Rb4 63.Kf3 Kh6 64.Ke3 Kg5
65.Kd3 Kxf5 66.Kc3 Rb1 67.Kc4 Kg4  1/2-1/2

[Event "Wch U18"]
[Site "Bratislava"]
[Date "1993.??.??"]
[Round "9"]
[White "Fridman, Daniel"]
[Black "Berzinsh, Roland"]
[Result "1/2-1/2"]
[WhiteElo "2380"]
[BlackElo "2395"]

1.c4 Nf6 2.Nf3 e6 3.d4 b6 4.Nc3 Bb7 5.a3 Ne4 6.Qc2 Nxc3 7.Qxc3 Be7 8.Bf4 d6
9.e3 O-O 10.Nd2 Nd7 11.Bg3 c5 12.dxc5 bxc5 13.Qc2 Nf6 14.f3 Qb6 15.Bd3 h6
16.O-O a5 17.Nb1 a4 18.Nc3 Bc6 19.Rfd1 Rfd8  1/2-1/2

[Event "Bucharest (Women)"]
[Site "Bucharest"]
[Date "1993.??.??"]
[Round "6"]
[White "Costescu, Marina"]
[Black "Iosif, Cristina S"]
[Result "0-1"]
[WhiteElo "2090"]
[BlackElo "2195"]

1.d4 Nf6 2.c4 e6 3.Nf3 b6 4.Nc3 Bb4 5.Bg5 h6 6.Bh4 Bxc3+ 7.bxc3 Bb7 8.e3 d6
9.Bd3 Nbd7 10.O-O Qe7 11.Nd2 g5 12.Bg3 O-O-O 13.a4 a5 14.f3 h5 15.Bf2 h4
16.Qe2 c5 17.Rab1 g4 18.Ne4 gxf3 19.Qxf3 Ne8 20.Qh3 f5 21.Nd2 Nef6 22.Rbe1 Ne4
23.Nxe4 fxe4 24.Be2 Rdg8 25.Kh1 Kc7 26.Rd1 Bc8 27.Bg4 Rg6 28.g3 Qg7 29.gxh4 Rxg4
30.Bg3 e5 31.Rf2 Rg6 32.Qf1 Rxg3 33.hxg3 Qxg3 34.Rh2 Rxh4 35.Rxh4 Qxh4+ 36.Kg1 Qg3+
37.Qg2 Qxg2+ 38.Kxg2 Ba6  0-1

[Event "Budapest FS02 IM"]
[Site "Budapest"]
[Date "1993.??.??"]
[Round "?"]
[White "Krutti, Valer"]
[Black "Zsinka, Laszlo"]
[Result "1-0"]
[WhiteElo "2345"]
[BlackElo "2350"]

1.d4 Nf6 2.c4 e6 3.Nf3 b6 4.Nc3 Bb7 5.Bg5 Bb4 6.e3 h6 7.Bh4 g5 8.Bg3 Bxc3+
9.bxc3 d6 10.Nd2 Qe7 11.f3 Nbd7 12.a4 a5 13.Rb1 e5 14.e4 Kf8 15.Be2 Nh5 16.Nf1 f5
17.exf5 exd4 18.cxd4 Re8 19.Rb3 Nf4 20.Ne3 Nf6 21.Kf2 Bc6 22.Qa1 h5 23.h4 Nxe2
24.Kxe2 g4 25.d5 gxf3+ 26.gxf3 Bd7 27.Kf2 Kf7 28.Bf4 Rhg8 29.Bg5 Qe5 30.Qxe5 Rxe5
31.Bf4 Ree8 32.Ra1 Rb8 33.Bg5 Nh7 34.f4 Nf6 35.Kf3 Rbe8 36.c5 dxc5 37.Nc4 Nxd5
38.Rd1 Bc6 39.Kf2 Kg7 40.Ne5 Bb7 41.Rbd3 Rgf8 42.Rxd5 Bxd5 43.Rxd5 Rxf5 44.Ke3 c6
45.Rd7+ Kg8 46.Ke4 Rff8 47.f5 b5 48.f6 bxa4 49.Kf5 a3 50.Rg7+  1-0

[Event "Budapest"]
[Site "Budapest"]
[Date "1993.??.??"]
[Round "?"]
[White "Blasovszky, Istvan"]
[Black "Kalmar, Karoly"]
[Result "1-0"]
[WhiteElo "2265"]
[BlackElo "2270"]

1.d4 Nf6 2.Nf3 e6 3.c4 b6 4.Nc3 Bb7 5.g3 Be7 6.Bg2 d5 7.Ne5 O-O 8.O-O Qc8
9.cxd5 Nxd5 10.Nxd5 Bxd5 11.e4 Bb7 12.Be3 Nd7 13.Nd3 Nf6 14.f3 Rd8 15.Qb3 Qd7
16.Ne5 Qe8 17.Rfc1 Rdc8 18.Bf1 Rab8 19.Bh3 Bd6 20.Nc4 Bf8 21.Rd1 c5 22.Bf4 Ra8
23.Nd6 Bxd6 24.Bxd6 cxd4 25.Rxd4 Rc6 26.Bf1 Qc8 27.Rad1 a6 28.Be7 Qc7 29.Bd8 Qc8
30.Bxb6 Qf8 31.Rd8 Ne8 32.Rxa8 Bxa8 33.Bxa6 Rd6 34.Be2 Qe7 35.Be3 Qd8 36.Rc1 h6
37.Bf4 Rd7 38.Bb5 Rb7 39.a4 Qd4+ 40.Be3 Qd8 41.Rd1  1-0

[Event "Budapest FS09 GM"]
[Site "Budapest"]
[Date "1993.??.??"]
[Round "4"]
[White "Soffer, Ram"]
[Black "Shabtai, Ran"]
[Result "1-0"]
[WhiteElo "2450"]
[BlackElo "2350"]

1.d4 Nf6 2.c4 e6 3.Nf3 b6 4.Nc3 Bb7 5.a3 d5 6.cxd5 Nxd5 7.Qc2 Be7 8.Bd2 O-O
9.Rd1 Nd7 10.e4 Nxc3 11.Bxc3 Qc8 12.Be2 Nf6 13.Bd3 Ba6 14.O-O Bxd3 15.Qxd3 Qb7
16.Rfe1 Rad8 17.Qe2 Rfe8 18.Ne5 c5 19.dxc5 Bxc5 20.Rxd8 Rxd8 21.b4 Be7 22.b5 Ne8
23.Nc6 Rd7 24.a4 Bf6 25.Bb4 g6 26.g3 Nc7 27.Rd1 Na6 28.Bd6 Nc5 29.e5 Bg7
30.a5 Bf8 31.Bxc5 Bxc5 32.a6 Qc7 33.Qf3 h5 34.Rxd7 Qxd7 35.Nxa7 h4 36.Nc6 hxg3
37.hxg3 Kh7 38.a7 Qb7 39.Qf6  1-0

[Event "Spring op"]
[Site "Budapest"]
[Date "1993.??.??"]
[Round "9"]
[White "Nikuljshin, Konstantin"]
[Black "Heidenfeld, Mark"]
[Result "0-1"]
[WhiteElo "2415"]
[BlackElo "2280"]

1.d4 Nf6 2.c4 e6 3.Nf3 b6 4.Nc3 Bb7 5.Bg5 Be7 6.e3 d5 7.Bd3 Nbd7 8.O-O O-O
9.Rc1 c5 10.cxd5 exd5 11.Bb1 h6 12.Bh4 Ne4 13.Bxe7 Qxe7 14.dxc5 Nxc3 15.Rxc3 bxc5
16.Qc2 g6 17.Rc1 Rfe8 18.h4 d4 19.exd4 cxd4 20.Nxd4 Qxh4 21.Qd2 Nf6 22.Rh3 Qg5
23.Qxg5 hxg5 24.Rhc3 Rad8 25.Rc4 Nd5 26.Nc6 Rd6 27.Na5 Ba8 28.Rc8 Re6 29.Bd3 Kg7
30.Bb5 Re1+ 31.Kh2 Rxc1 32.Rxe8 Nc7 33.Rc8 Bd5 34.Nb3 Rc2 35.Bd3 Rxf2 36.Rxc7 Rxg2+
37.Kh3 g4+ 38.Kh4 Kh6  0-1

[Event "Budapest FS08 IM"]
[Site "Budapest"]
[Date "1993.??.??"]
[Round "11"]
[White "Littke, Adam"]
[Black "Pastorini, Mario"]
[Result "1/2-1/2"]
[WhiteElo "2270"]
[BlackElo "2240"]

1.d4 Nf6 2.Nf3 e6 3.c4 b6 4.Nc3 Bb7 5.a3 d5 6.cxd5 Nxd5 7.e3 Be7 8.Bb5+ c6
9.Bd3 O-O 10.O-O Nxc3 11.bxc3 c5 12.e4 cxd4 13.cxd4 Nd7 14.Qe2 Rc8 15.Bb2 Qc7
16.Rad1 Rfe8 17.h4 Qf4 18.g3 Qg4 19.Qe3 f5 20.Nh2 Qh3 21.Rfe1 fxe4 22.Bxe4 Bxe4
23.Qxe4 Bf6 24.Ng4 h5 25.Ne3 Nf8 26.Rc1 Nd7 27.Rxc8 Rxc8 28.Qb7 Rd8 29.Qc7 g5
30.d5 e5 31.hxg5 Bxg5 32.Qd6 Bf6 33.Rd1 Kf7 34.Qc7 h4 35.g4 Bg5 36.Qc2 Bxe3
37.Qh7+ Ke8 38.Qg6+ Kf8 39.Qf5+ Kg8 40.Qe6+ Kf8 41.Qf5+ Kg8  1/2-1/2

[Event "Cannes op2"]
[Site "Cannes"]
[Date "1993.??.??"]
[Round "?"]
[White "Levacic, Damir"]
[Black "Arnason, Jon L"]
[Result "1/2-1/2"]
[WhiteElo "2385"]
[BlackElo "2535"]

1.d4 Nf6 2.Nf3 e6 3.c4 b6 4.Nc3 Bb4 5.Bg5 Bb7 6.e3 Bxc3+ 7.bxc3 d6 8.Nd2 Qe7
9.f3 Nbd7 10.Be2 e5 11.e4 h6 12.Bh4 Nf8 13.Qa4+ Qd7 14.Qb3 Ne6 15.Bf2 Nf4
16.Bf1 c5 17.g3 Nh3 18.Be3 O-O 19.a4 Rfe8 20.d5 Ba6 21.Nb1 Nh7 22.Na3 N7g5
23.Bg2 Bc8 24.a5 Rb8 25.a6 f5 26.Nb5 f4 27.Bd2 Rf8 28.Rf1 Rf6 29.Qd1 Qf7
30.Qe2 Qe7 31.Kd1 Ra8 32.Kc2 h5 33.Kb2 Bd7 34.Be1 Qf7 35.Rd1 Bc8 36.Ra1 Bd7
37.Rd1 Kh7 38.Qd3 Kh8 39.Qe2 Bc8 40.Ra1 Bd7 41.Bd2 Qe7 42.Rae1  1/2-1/2

[Event "Cappelle op"]
[Site "Cappelle la Grande"]
[Date "1993.??.??"]
[Round "7"]
[White "Voiska, Margarita"]
[Black "Atlas, Valeri"]
[Result "0-1"]
[WhiteElo "2305"]
[BlackElo "2470"]

1.d4 e6 2.c4 Nf6 3.Nf3 b6 4.Nc3 Bb7 5.Bg5 Be7 6.e3 h6 7.Bh4 O-O 8.Rc1 c5
9.Be2 d6 10.O-O a6 11.Qd2 Nbd7 12.Bg3 Nh5 13.d5 Nxg3 14.hxg3 e5 15.Nh2 Bc8
16.f4 f5 17.Nf3 e4 18.Nh2 Nf6 19.Qd1 Qd7 20.a3 g6 21.b4 h5 22.Rb1 Qc7 23.Qb3 Bd8
24.a4 cxb4 25.Qxb4 Nd7 26.Bd1 Nc5 27.Ne2 Qg7 28.Bc2 Qh6 29.Rf2 Ra7 30.Nf1 Rh7
31.Nd4 h4 32.gxh4 Qxh4 33.Rd2 g5 34.g3 Qh1+ 35.Kf2 gxf4 36.exf4 Bf6 37.Ke1 e3
38.Rdd1 Qg1  0-1

[Event "JUG-chT"]
[Site "Cetinje"]
[Date "1993.??.??"]
[Round "?"]
[White "Stojanovic, Mihajlo"]
[Black "Solak, Dragan"]
[Result "1/2-1/2"]
[WhiteElo "2325"]
[BlackElo "2195"]

1.d4 Nf6 2.Nf3 b6 3.c4 e6 4.Nc3 Bb7 5.e3 Bb4 6.Bd3 Ne4 7.Qc2 f5 8.O-O Bxc3
9.bxc3 d6 10.Nd2 Qh4 11.f3 Ng5 12.f4 Nf7 13.e4 O-O 14.Nf3 Qh5 15.exf5 exf5
16.Bxf5 Kh8 17.d5 Bc8 18.Bxc8 Rxc8 19.Qa4 c6 20.Re1 b5 21.Qb3 h6 22.Ba3 Qf5
23.dxc6 bxc4 24.Qxc4 Nxc6 25.Nh4 Qf6 26.Qe6 Qxh4 27.Qxf7 Na5 28.Re7 Qg4 29.Bxd6 Nc4
30.Bc7 Rxc7 31.Rxc7 Ne3 32.Qxg7+ Qxg7 33.Rxg7 Kxg7  1/2-1/2

[Event "Ceuta"]
[Site "Ceuta"]
[Date "1993.??.??"]
[Round "6"]
[White "Bellon Lopez, Juan Manuel"]
[Black "Gomez Esteban, Juan Mario"]
[Result "0-1"]
[WhiteElo "2415"]
[BlackElo "2450"]

1.d4 Nf6 2.Nf3 e6 3.c4 b6 4.Nc3 Bb7 5.Bg5 Be7 6.e3 O-O 7.Qc2 c5 8.Rd1 cxd4
9.Nxd4 h6 10.Bh4 Nc6 11.Nf3 Rc8 12.a3 Na5 13.Nd2 d5 14.b4 Nc6 15.Nb3 Ne5
16.Bxf6 Bxf6 17.c5 Nd7 18.Na4 bxc5 19.Naxc5 Nxc5 20.bxc5 Bc6 21.Ba6 Rb8 22.O-O Ba4
23.Rb1 Qc7 24.Rfc1 g6 25.Qa2 Kg7 26.g3 h5 27.h4 e5 28.Nd2 Rxb1 29.Nxb1 d4
30.exd4 exd4 31.Qc4 Bc6 32.Bb5 Be4 33.Nd2 Bf5 34.Qf1 Qa5 35.Nf3 Qxa3 36.Ng5 d3
37.c6 d2 38.Rd1 Qc3 39.Qe2 Rb8 40.Ba4 Bg4 41.Qxd2 Bxd1 42.c7 Qxd2 43.cxb8=Q Qe1+
44.Kg2 Bxa4  0-1

[Event "Clichy"]
[Site "Clichy"]
[Date "1993.??.??"]
[Round "6"]
[White "Hauchard, Arnaud"]
[Black "Sokolov, Andrei"]
[Result "1/2-1/2"]
[WhiteElo "2450"]
[BlackElo "2555"]

1.d4 Nf6 2.c4 e6 3.Nf3 b6 4.Nc3 Bb7 5.a3 g6 6.d5 Bg7 7.e4 O-O 8.Bd3 d6 9.O-O Qe7
10.Bg5 h6 11.Bf4 c6 12.dxe6 Qxe6 13.Qd2 Kh7 14.Nd4 Qe7 15.Rfe1 Nbd7 16.Rad1 Ne5
17.Nc2 Nh5 18.Be3 Nxd3  1/2-1/2

[Event "Copenhagen OBRO"]
[Site "Copenhagen"]
[Date "1993.??.??"]
[Round "2"]
[White "Clausen, Steen"]
[Black "Hutters, Tomas"]
[Result "1/2-1/2"]
[WhiteElo "2285"]
[BlackElo "2430"]

1.d4 Nf6 2.Nf3 e6 3.c4 b6 4.Nc3 Bb4 5.Bg5 h6 6.Bh4 Be7 7.Bxf6 Bxf6 8.e4 d6
9.Qd2 Nd7 10.Be2 c5 11.Rd1 O-O 12.d5 Bxc3 13.Qxc3 exd5 14.cxd5 Re8 15.Nd2 f5
16.f3 Nf6 17.O-O fxe4 18.fxe4 Nxe4 19.Nxe4 Rxe4 20.Bd3 Re5 21.Bb1 Kh8 22.Rf7 Ba6
23.Qc2  1/2-1/2

[Event "Cuxhaven op"]
[Site "Cuxhaven"]
[Date "1993.??.??"]
[Round "5"]
[White "Raetsky, Alexander"]
[Black "Pieniazek, Andrzej"]
[Result "1/2-1/2"]
[WhiteElo "2405"]
[BlackElo "2240"]

1.d4 Nf6 2.Nf3 e6 3.c4 b6 4.Nc3 Bb7 5.a3 d5 6.cxd5 Nxd5 7.Qc2 Be7 8.Bd2 Nf6
9.e4 Nbd7 10.O-O-O a6 11.Bg5 O-O 12.Bd3 Nd5 13.exd5 Bxg5+ 14.Kb1 Bxd5 15.Nxd5 exd5
16.Bxh7+ Kh8 17.Bf5 Bf4 18.Rhe1 g6 19.Bxd7 Qxd7 20.Ne5 Bxe5 21.Rxe5 Rfe8
22.Rde1 Rxe5 23.Rxe5 Kg7 24.Qe2 c5 25.h4 cxd4 26.h5 Qd6 27.f4 Rc8 28.hxg6 Qxg6+
29.f5 Qg5 30.f6+ Qxf6 31.Qg4+ Qg6+ 32.Qxg6+ Kxg6 33.Rxd5 Rc6  1/2-1/2